Čo je kľúčom k úspechu v oblasti automotive

Dopravné služby a druhy dopravy. Najviac využívané dopravy. Dopravné služby a automotive. Výber druhu dopravy.

Gespeichert in:
Bibliographische Detailangaben
1. Verfasser: Moravčík, Tomáš
Format: Buchkapitel
Sprache:Slowakisch
Schlagworte:
Tags: Tag hinzufügen
Keine Tags, Fügen Sie das erste Tag hinzu!

MARC

LEADER 00000naa$a2200000$$$4500
001 0091591
005 20231006123359.5
041 0 |a slo 
044 |a SK 
245 1 0 |a Čo je kľúčom k úspechu v oblasti automotive  |c Tomáš Moravčík 
520 |a Dopravné služby a druhy dopravy. Najviac využívané dopravy. Dopravné služby a automotive. Výber druhu dopravy. 
610 2 0 |a doprava 
610 2 0 |a služby dopravné 
610 2 0 |a náklady 
610 2 0 |a bezpečnosť 
100 1 |a Moravčík, Tomáš